ბათუმის შოთა რუსთაველის სახელმწიფო უნივერსიტეტის ბიბლიოთეკა

ფეოლა: (ბიბ.ჩანაწერი № 60071)

000 -ლიდერი
ფიქსირებული სიგრძის საკონტროლო ველი 01240nam a22002417a 4500
003 - საკონტროლო ნომრის იდენტიფიკატორი
საკონტროლო ველი Ge_BSU
005 - ბოლო ოპერაციის თარიღი და დრო
საკონტროლო ველი 20230605103949.0
008 - ფიქსირებული სიგრძის მონაცემთა ელემენტები - ზოგადი ინფორმაცია
ფიქსირებული სიგრძის საკონტროლო ველი 230605s2018ge xxu||||| |||| 00| 0 geo d
020 ## - წიგნის საერთაშორისო სტანდარტული ნომერი
International Standard Book Number 9788378932109
041 ## - ენის კოდი
Language code of text/sound track or separate title geo
080 ## - უნივერსალური ათობითი კლასიფიკაციის ინდექსი
Universal Decimal Classification number 791(479.22)ხ-93
100 ## - მთავარი ჩანაწერი - პიროვნების სახელი
Personal name ხუნდაძე, ხათუნა
9 (RLIN) 18439
245 ## - ცნობა სათაურის შესახებ
Title ფეოლა:
Remainder of title [უქიმერიონი] ქართული ფილმი /
Statement of responsibility, etc ხათუნა ხუნდაძე შემდ. რედ. მზია ქურციძე, სცენ. გოგი ჩარკვიანი,რევაზ გაბრიაძე,რეჟისორი ბაადურ წულაძე.
264 ## - წარმოების, გამოცემის, დისტრიბუციის და სხვა ცნობები
გამოცემის, წარმოების, დისტრიბუციის... ადგილი თბილისი :
გამოცემის, წარმოების, დისტრიბუციის... სახელწოდება Wojnowice,
გამოცემის, წარმოების, დისტრიბუციის... თარიღი 2018.
300 ## - ფიზიკური აღწერა
Extent 26 გვ.:
Other physical details ილ;
Dimensions 23 სმ.
653 ## - INDEX TERM--UNCONTROLLED
Uncontrolled term ფეოლა
653 ## - INDEX TERM--UNCONTROLLED
Uncontrolled term [უქიმერიონი]
700 ## - ADDED ENTRY--PERSONAL NAME
Personal name ქურციძე, მზია
Relator term რედაქტორი
9 (RLIN) 18457
700 ## - ADDED ENTRY--PERSONAL NAME
Personal name ჩარკვიანი, გოგი
Relator term სცენარი
9 (RLIN) 18458
700 ## - ADDED ENTRY--PERSONAL NAME
Personal name გაბრიაძე, რევაზ
Relator term სცენარი
9 (RLIN) 5534
700 ## - ADDED ENTRY--PERSONAL NAME
Personal name წულაძე, ბადურ
Relator term რეჟისორი
9 (RLIN) 18459
942 ## - ADDED ENTRY ELEMENTS (KOHA)
Source of classification or shelving scheme
Koha item type წიგნი
ეგზემპლარები
ჩამოწერის სტატუსი დაკარგული ეგზემპლარის სტატუსი კლასიფიკაციის წყარო ან თაროზე გაწყობის სქემა დაზიანების სტატუსი არ გაიცემა მუდმივი მდებარეობა (დაცვის ადგილი) ამჟამინდელი ადგილსამყოფელი თაროზე განთავსების ადგილი შეძენის თარიღი ღირებულება, შესყიდვის ნორმალური ფასი სრული შენახვის შიფრი შტრიხკოდი ბოლო ოპერაციის თარიღი ეგზემპლარის მიმდევრობითი ნომერი (კეტერი?) ფასის ძალაში შესვლის თარიღი ეგზემპლარის სახეობა საჯარო შენიშვნა
          ბათუმის შოთა რუსთაველის სახელმწიფო უნივერსიტეტის მთავარი ბიბლიოთეკა ბათუმის შოთა რუსთაველის სახელმწიფო უნივერსიტეტის მთავარი ბიბლიოთეკა წიგნსაცავი 2023-06-05 23.00 791(479.22)ხ-93 29547 2023-06-05 29547 2023-06-05 წიგნი 23ლ.49თ.
          ბათუმის შოთა რუსთაველის სახელმწიფო უნივერსიტეტის მთავარი ბიბლიოთეკა ბათუმის შოთა რუსთაველის სახელმწიფო უნივერსიტეტის მთავარი ბიბლიოთეკა წიგნსაცავი 2023-06-05 23.00 791(479.22)ხ-93 29548 2023-06-05 29548 2023-06-05 წიგნი 23ლ.49თ.
          ბათუმის შოთა რუსთაველის სახელმწიფო უნივერსიტეტის მთავარი ბიბლიოთეკა ბათუმის შოთა რუსთაველის სახელმწიფო უნივერსიტეტის მთავარი ბიბლიოთეკა წიგნსაცავი 2023-06-05 23.00 791(479.22)ხ-93 29549 2023-06-05 29549 2023-06-05 წიგნი 23ლ.49თ.